| 000 | 02231cam a22003253a 4500 | ||
|---|---|---|---|
| 001 | 10459 | ||
| 003 | PGUSA | ||
| 005 | 20140828083224.0 | ||
| 008 | 031201s2003||||xxu|||||s|||||000 | eng d | ||
| 040 |
_aPGUSA _beng |
||
| 042 | _adc | ||
| 050 | 4 | _aPR | |
| 100 | 1 |
_aYeats, W. B. _q(William Butler), _d1865-1939 |
|
| 245 | 1 | 4 |
_aThe Celtic Twilight _h[electronic resource] / _cW. B. Yeats |
| 260 |
_bProject Gutenberg, _c2003 |
||
| 505 | 0 | _aThis book -- A teller of tales -- Belief and unbelief -- Mortal help -- A visionary -- Village ghosts -- 'Dust hath closed Helen's eye' -- A knight of the sheep -- An enduring heart -- The sorcerers -- The devil -- Happy and unhappy theologians -- The last gleeman -- Regina, regina pigmeorum, veni -- 'And fair, fierce women' -- Enchanted woods -- Miraculous creatures -- Aristotle of the books -- The swine of the gods -- A voice -- Kidnappers -- The untiring ones -- Earth, fire and water -- The old town -- The man and his boots -- A coward -- The three O'Byrnes and the evil faeries -- Drumcliff and Rosses -- The thick skull of the fortunate -- The religion of a sailor -- Concerning the nearness together of heaven, earth, and purgatory -- The eaters of precious stones -- Our Lady of the hills -- The golden age -- A remonstrance with Scotsmen for having soured the disposition of their ghosts and faeries -- War -- The queen and the fool -- The friends of the people of faery -- Dreams that have no moral -- By the roadside -- Into the twilight. | |
| 506 | _aPublic domain in the USA. | ||
| 516 | _aElectronic text | ||
| 653 | _aYeats, W. B. (William Butler), 1865-1939 -- Homes and haunts -- Ireland -- Sligo (County) | ||
| 653 | _aPoets, Irish -- 19th century -- Biography | ||
| 653 | _aPoets, Irish -- Homes and haunts -- Ireland -- Sligo (County) | ||
| 653 | _aFolklore -- Ireland -- Sligo (County) | ||
| 653 | _aMythology, Celtic -- Ireland -- Sligo (County) | ||
| 653 | _aYeats, W. B. (William Butler), 1865-1939 -- Childhood and youth | ||
| 653 | _aTales -- Ireland -- Sligo (County) | ||
| 653 | _aSligo (Ireland : County) -- Social life and customs | ||
| 830 | 0 |
_aProject Gutenberg _v10459 |
|
| 856 | 4 | 0 | _uhttp://www.gutenberg.org/ebooks/10459 |
| 942 | _cEB | ||
| 999 |
_c239714 _d239714 |
||